000 00445nam a22001697a 4500
003 OSt
005 20211202150124.0
008 211202b |||||||| |||| 00| 0 eng d
020 _a978-0-415-85908-0
040 _cHawassa University
050 _a631.52/ADA
_b6
082 _21
_a631.52/ADA
_b6
100 _aAdams,Charles
_921551
245 _aPrinciples of Horticulture:Level 2
260 _aNew York
_bRoutledge
_c2015
942 _2ddc
_cBOOKS
_n0
999 _c21195
_d21195